| 000 | 01267nam a22002775a 4500 | ||
|---|---|---|---|
| 999 |
_c23343 _d23315 |
||
| 003 | EG-ScBUE | ||
| 005 | 20190203154424.0 | ||
| 008 | 161127s2013 ua frb 000 0 ara d | ||
| 017 | _a2013 / 7172 | ||
| 020 | _a9789779005072 | ||
| 040 |
_aEG-ScBUE _bara _cEG-ScBUE _dEG-ScBUE |
||
| 082 | 0 | 4 |
_a346.02 _bل ط ف _222 |
| 100 | 1 |
_aلطفي، محمد حسام محمود _920399 |
|
| 245 | 1 | 2 |
_aالنظرية العامة للالتزام : _bالمصادر - الأحكام - الإثبات / _cمحمد حسام محمود لطفي. كتاب مبادئ يونيدروا للعقود التجارية الدولية. |
| 246 | 3 | 3 | _aمبادئ يونيدروا للعقود التجارية الدولية |
| 260 |
_aالقاهرة : _b[د. ن.]، _c2013. |
||
| 300 |
_a1 مج. (متعدد الصفحات) ؛ _c24 سم. |
||
| 504 | _aيشتمل على إرجاعات ببليوجرافية. | ||
| 650 | 7 |
_aالالتزامات _xقوانين وتشريعات. _2BUEsh |
|
| 650 | 7 |
_aالعقود (فقه إسلامي) _2BUEsh _940834 |
|
| 650 | 7 |
_aالعقود (قانون مدني) _2BUEsh |
|
| 651 | _2BUEsh | ||
| 653 |
_bLLAAWW _cNovember2016 _cFebruary2019 |
||
| 740 | 0 | 2 | _aمبادئ يونيدروا للعقود التجارية الدولية. |
| 942 | _2ddc | ||